| 000 | 00944nam a22002417a 4500 | ||
|---|---|---|---|
| 005 | 2009060508388.0 | ||
| 008 | 090605t xxu||||| |||| 00| 0 eng d | ||
| 010 | _aENG-93904 | ||
| 020 |
_a9780070146990 _c450.00 |
||
| 035 | _aEN-77437 | ||
| 037 | _bDBAD / PUB | ||
| 040 |
_adpl _bEnglish |
||
| 082 | _a006.74 | ||
| 100 | _aHolzner, Steven | ||
| 245 |
_aXML: _ba beginner's guide: go beyond the basics with Ajax, XHTML, XPath 2.0, XSLT 2.0, and XQuery / _cby Steven Holzner |
||
| 260 |
_aNew Delhi _bTata McGraw-Hill Publishing _c2009 |
||
| 270 |
_a7 West Patel Nagar _bNew Delhi _e110008 |
||
| 300 |
_axx, 426p. _c25cm(pbk) |
||
| 500 | _aIncludes index | ||
| 650 | _aXML (Document markup language) | ||
| 942 |
_2ddc _cEN _h006.74 _mHOL |
||
| 999 |
_c27253 _d27253 |
||